Revenge Of The Sith (2005) Characters - Statistics

General Stats
  • This quiz has been taken 285 times
  • The average score is 11 of 13
Answer Stats
Hint Answer % Correct
Hayden Christiansen Anakin Skywalker
100%
Natalie Portman Padme Skywalker
100%
Ewan McGregor Obi-Wan Kenobi
99%
Samuel L. Jackson Mace Windu
98%
Ian McDiarmid Emperor Palpatine
96%
Frank Oz Master Yoda
95%
Christopher Lee Count Dooku
92%
Anthony Daniels C-3PO
86%
Kenny Baker R2-D2
85%
Matthew Wood General Grievous
69%
Peter Meyhew Chewbacca
66%
Achmed Best Jar Jar Binks
62%
Jimmy Smits Bail Organa
56%
No matching quizzes found
Score Distribution
Percent of People with Each Score
Percentile by Number Answered
Your Score History
You have not taken this quiz